[Event "Doha AAB op 5th"]
[Site "Doha"]
[Date "2021.11.20"]
[Round "7"]
[White "Sumith, KS."]
[Black "Al Khulaifi, Ghada"]
[Result "1-0"]
[WhiteElo "1696"]
[BlackElo "1660"]
[PlyCount "51"]
[EventDate "2021.11.12"]
[EventType "swiss"]
[EventRounds "7"]
[EventCountry "QAT"]
[SourceTitle "CBM 205 Extra"]
[Source "ChessBase"]
[SourceDate "2022.01.31"]
[SourceVersion "1"]
[SourceVersionDate "2022.01.31"]
[SourceQuality "1"]

1. e4 e5 2. Nc3 Nf6 3. f4 d5 4. fxe5 Nxe4 5. Nf3 Nc6 6. Bb5 Nxc3 7. bxc3 a6 8. Bxc6+ bxc6 9. 0-0 Be7 10. d4 0-0 11. Qe1 Bf5 12. Qe2 Qe8 13. Ne1 Bg6 14. Nd3 Bxd3 15. cxd3 Qd7 16. Bf4 Rfe8 17. Rae1 Qe6 18. Qh5 g6 19. Qh6 Bf8 20. Qh4 h5 21. Bg5 Qd7 22. Rf3 Be7 23. Ref1 Bxg5 24. Qxg5 Qe7 25. Rf6 Qd8 26. Rxg6+ 1-0